A MÁV Csoport társadalmi felelősségvállalása

Bibliographic Details
Main Author: Nemes Attila
Other Authors: Győri Dr. Zsuzsanna
Format: Final Paper
Kulcsszavak:CSR
MÁV
vállalatok társadalmi felelősségvállalása
Online Access:http://dolgozattar.uni-bge.hu/8551

MARC

LEADER 00000nta a2200000 i 4500
001 dolg8551
005 20161214080817.0
008 161214suuuu hu o 000 hun d
040 |a BGE Dolgozattár Repozitórium  |b hun 
041 |a hu 
100 1 |a Nemes Attila 
245 1 2 |a A MÁV Csoport társadalmi felelősségvállalása  |c Nemes Attila  |h [elektronikus dokumentum] 
516 |a Final_paper 
695 |a CSR 
695 |a MÁV 
695 |a vállalatok társadalmi felelősségvállalása 
700 1 |a Győri Dr. Zsuzsanna  |e ths 
856 4 0 |u http://dolgozattar.uni-bge.hu/8551/1/A%20M%C3%81V%20Csoport%20t%C3%A1rsadalmi%20felel%C5%91ss%C3%A9gv%C3%A1llal%C3%A1sa.pdf  |z Dokumentum-elérés 
856 4 0 |u http://dolgozattar.uni-bge.hu/8551/2/Nyilatkozat_saj%C3%A1t_munk%C3%A1r%C3%B3l.pdf  |z Dokumentum-elérés